| 000 | 00761cam a2200253 a 4500 | ||
|---|---|---|---|
| 001 | 16022037 | ||
| 005 | 20180206045400.0 | ||
| 008 | 091214s2011 maua b 001 0 eng | ||
| 010 | _a 2009050877 | ||
| 020 | _a9780136089438 | ||
| 020 | _a0136089437 | ||
| 035 | _a(OCoLC)ocn457155964 | ||
| 040 |
_aDLC _cDLC _dYDX _dYDXCP _dDLC |
||
| 041 | _aeng | ||
| 080 | _a658.15 BER | ||
| 082 | 0 | 0 |
_a658.15 BER _222 |
| 100 | 1 | _a56 | |
| 101 | _aFIN | ||
| 245 | 1 | 0 |
_aCorporate finance / _cJonathan Berk, Peter DeMarzo. |
| 504 | _aIncludes bibliographical references and index. | ||
| 906 |
_a7 _bcbc _corignew _d1 _eecip _f20 _gy-gencatlg |
||
| 942 |
_2ddc _cBK |
||
| 999 |
_c41907 _d41907 |
||